| 000 | 00554nam a2200181Ia 4500 | ||
|---|---|---|---|
| 003 | IN-BaIIA | ||
| 008 | 211028s9999 xx 000 0 eng d | ||
| 020 | _a978-0-19-877946-9 | ||
| 040 | _cIIA Library | ||
| 080 |
_a523.9-466 _bDAV |
||
| 100 |
_aDavidson, P. A _936594 |
||
| 245 | 0 |
_aTurbulence _ban introduction for scientists and engineers _cP. A Davidson |
|
| 250 | _a2nd ed. | ||
| 260 |
_aNew Delhi _bOxford University Press _c2015 |
||
| 300 | _axvi, 630p. | ||
| 650 |
_aTurbulence _92672 |
||
| 942 | _cBK | ||
| 999 |
_c19168 _d19168 |
||